| 000 | 00815cam a2200229 i 4500 | ||
|---|---|---|---|
| 005 | 20260128124756.0 | ||
| 008 | 250721s2007 jo gr 000 0 ara d | ||
| 020 | _a9957322788 | ||
| 082 | 1 | 4 |
_a368.1068 _bس ل ا |
| 100 | 1 |
_aسلام، أسامة عزمي _eمؤلف. |
|
| 245 | 1 | 0 |
_aإدارة الخطر والتأمين / _cد. أسامة عزمي سلام، أ. شقيري نوري موسى. |
| 250 | _aالطبعة الأولى. | ||
| 264 | 3 | 1 |
_aعمان : _bدار الحامد، _c2007. |
| 300 | _a475 صفحة. | ||
| 650 | 1 | 7 | _aالتأمين. |
| 650 | 1 | 7 | _aتأمين الممتلكات. |
| 650 | 1 | 7 | _aإدارة المخاطر. |
| 650 | 1 | 7 | _aشركات التأمين. |
| 700 | 1 |
_aموسى، شقيري نوري _eمؤلف. |
|
| 942 |
_2ddc _cBK |
||
| 999 |
_c106711 _d106711 |
||